000 00874nam a2200217 i 4500
001 113525
003 ES-MaACL
005 20250830233824.0
007 t|
008 061121s1957 sp r ||||1| spa d
100 1 _aPabón y Suárez de Urbina, Jesús,
_d1902-1976
_988103
245 1 0 _aFranklin y Europa (1776-1785)
_b: estudio leído como conferencia el 15 de novimebre de 1956 /
_cJesús Pabón.
260 _aMadrid :
_bAsociación Española de Amigos de los Estados Unidos,
_c1957.
300 _a200 p. ;
_c19 cm.
600 1 4 _aFranklin, Benjamin,
_d1706-1790
_952337
651 7 _aEstados Unidos-
_xRelaciones-
_zEuropa
_2
_9160779
651 4 _aEuropa-
_xRelaciones-
_zEstados Unidos.
_9160780
710 2 _aAsociación Española de Amigos de los Estados Unidos de Norteamérica
_91640
852 _aES-MaACL
_jC-12291
_bR.40252
999 _c113525
_d113525